[Event "FRA-ch blind 30th"]
[White "Clauzel, Andre"]
[Black "Alabart, Jeremie"]
[Site "Arras"]
[Round "7"]
[Result "1/2-1/2"]
[Date "2014.06.01"]
[WhiteElo "1640"]
[BlackElo "1419"]
[PlyCount "35"]
[EventDate "2014.05.30"]
[EventType "swiss"]
[EventRounds "7"]
[EventCountry "FRA"]
[SourceTitle "EXT 2015"]
[Source "ChessBase"]
[SourceDate "2014.11.20"]
[SourceVersion "1"]
[SourceVersionDate "2014.11.20"]
[SourceQuality "1"]

1. d4 d5 2. c4 c6 3. cxd5 Qxd5 4. Nc3 Qd8 5. e4 g6 6. Nf3 Bg7 7. Bc4 e6 8. 0-0 Nd7 9. a4 Ngf6 10. Bg5 Qb6 11. Qc2 0-0 12. h3 Re8 13. Be3 Qd8 14. Rad1 Nf8 15. d5 cxd5 16. e5 N6d7 17. Bb5 a6 18. Bxd7 1/2-1/2

[Event "FRA-ch blind 30th"]
[White "Alabart, Jeremie"]
[Black "Porcabeuf, Jean Marc"]
[Site "Arras"]
[Round "?"]
[Result "1-0"]
[Date "2014.05.31"]
[WhiteElo "1419"]
[BlackElo "1190"]
[PlyCount "47"]
[EventDate "2014.05.30"]
[EventType "swiss"]
[EventRounds "7"]
[EventCountry "FRA"]
[SourceTitle "EXT 2015"]
[Source "ChessBase"]
[SourceDate "2014.11.20"]
[SourceVersion "1"]
[SourceVersionDate "2014.11.20"]
[SourceQuality "1"]

1. d4 d5 2. Bf4 e6 3. Nf3 Nd7 4. c3 Ngf6 5. Nbd2 c6 6. e3 Be7 7. Bd3 0-0 8. 0-0 c5 9. e4 dxe4 10. Nxe4 Nxe4 11. Bxe4 Nf6 12. Bc2 Nh5 13. Qd3 g6 14. Be3 b6 15. Rad1 Bb7 16. Qe2 Bd6 17. dxc5 bxc5 18. Bxc5 Nf4 19. Qe3 Qf6 20. Bxd6 Rfd8 21. Bxf4 Rxd1 22. Rxd1 Re8 23. Be5 Qxf3 24. gxf3 1-0